Uvedení do studijního oboru Speciální pedagogika předškolního věku /

Hlavní autor: Švingalová, Dana, 1964-
Další autoři: Pešatová, Ilona
Jazyk: Čeština
Vydáno: Liberec : Technická univerzita v Liberci, 2004
Vydání: Vyd. 1.
Témata:
Externí odkaz: Digitalizovaný dokument
Fyzický popis: 71 s. ; 21 cm
Knihy
Uloženo v:
LEADER 02100nam a2200505 a 4500
001 000744548
003 CZ BrMZK
005 20051012091450.0
007 ta
008 041019s2004 xr frf 000 0 cze d
015 |a cnb001448095 
020 |a 80-7083-868-X  |q (brož.) 
035 |a (OCoLC)85121922 
040 |a BOA001  |b cze 
043 |a e-xr---  |b e-xr-li  |2 czenas 
072 7 |a 378  |x Vysoké školy  |2 Konspekt  |9 22 
080 |a 378.4  |2 MRF 
080 |a 376  |2 MRF 
080 |a 316.346.32-053.4  |2 MRF 
080 |a 371.3  |2 MRF 
080 |a (437.316)  |2 MRF 
080 |a (036)  |2 MRF 
080 |a (083.97)  |2 MRF 
100 1 |a Švingalová, Dana,  |d 1964-  |7 mzk2002160840  |4 aut 
245 1 0 |a Uvedení do studijního oboru Speciální pedagogika předškolního věku /  |c Dana Švingalová, Ilona Pešatová 
250 |a Vyd. 1. 
260 |a Liberec :  |b Technická univerzita v Liberci,  |c 2004 
300 |a 71 s. ;  |c 21 cm 
500 |a Nad názvem: Technická univerzita v Liberci. Fakulta pedagogická. Katedra sociálních studií a speciální pedagogiky 
504 |a Obsahuje bibliografie 
521 8 |a Určeno pro bakalářský studijní program speciální pedagogika 
500 |a Dostupné též v digitální podobě v aplikaci Kramerius 
650 0 7 |a univerzity  |7 ph126937  |z Česko  |2 czenas 
650 0 7 |a speciální pedagogika  |7 ph116230  |2 czenas 
650 0 7 |a děti předškolního věku  |7 ph119710  |2 czenas 
650 0 7 |a studium a výuka  |7 ph136700  |z Česko  |2 czenas 
655 7 |a informační publikace  |7 fd132454  |2 czenas 
655 7 |a programy  |7 fd133135  |2 czenas 
610 2 7 |a Technická univerzita v Liberci.  |b Katedra sociálních studií a speciální pedagogiky  |7 mzk2003188332  |2 czenas 
651 7 |a Liberec (Česko)  |7 ge128509  |2 czenas 
700 1 |a Pešatová, Ilona  |7 mzk2002160841  |4 aut 
856 4 1 |u http://www.digitalniknihovna.cz/mzk/uuid/uuid:5b698af0-fa50-11e6-aa6c-005056827e52  |y Digitalizovaný dokument  |x NDK 
910 |a BOA001  |b 2-1141.232 
990 |a BK 
996 6 |b 2610230474  |c 2-1141.232  |l MZK  |r Sklad / do 1 hodiny  |n 1  |p p.v.  |w 000744548  |u 000010  |a 1  |e BOA001  |j MZK50  |s P